000 00698nas a2200241 4500
001 BR4600097
003 BR-BrBNA
005 20231205081842.0
007 ta
008 230509b bl.|||p| |||| 00| 00por d
040 _aBR-BrBNA
_bpor
_cBiblioteca Nacional de Agricultura
041 _a(Pt)
072 _aC00; E15
100 1 _aGredilha, A.
245 1 _aCarta brasileira do cooperativismo [Assistencia social]
650 _aEducacao
650 _aMicroeconomia
650 _aAssistencia social
650 _aCooperativa
773 0 _tBoletim Sul-Coop. Cooperativismo (Brazil)
_x
_g(Oct 1946), v. 1(3) p. 1-4
_wBR4600097
909 _a202311
_bLúcia
_c55
_dLúcia Elande
942 _2AGRIS
_n0
_cANA
999 _c87331
_d87331